Kadra reprezentacji Holandii - MŚ 2010 - Statystyki

Ogólne statystyki
  • Ten quiz został rozwiązany 24 razy
  • Średni wynik to 10 z 24
Statystyki odpowiedzi
Nr Zawodnik Poz % Poprawnych
11 Arjen Robben PO
95%
9 Robin van Persie NA
91%
1 Maarten Stekelenburg BR
77%
10 Wesley Sneijder PO
77%
5 Giovanni van Bronckhorst OB
68%
6 Mark van Bommel PO
68%
8 Nigel de Jong PO
68%
7 Dirk Kuyt NA
55%
3 John Heitinga OB
55%
23 Rafael van der Vaart PO
50%
21 Klaas-Jan Huntelaar NA
45%
19 Ryan Babel NA
41%
4 Joris Mathijsen OB
32%
13 André Ooijer OB
23%
# Bert van Marwijk Trener
23%
12 Khalid Boulahrouz OB
23%
20 Ibrahim Afellay PO
18%
16 Michel Vorm BR
18%
14 Demy de Zeeuw PO
14%
17 Eljero Elia NA
14%
2 Gregory van der Wiel OB
14%
22 Sander Boschker BR
9%
18 Stijn Schaars PO
9%
15 Edson Braafheid OB
5%
Nie znaleziono quizów pasujących do podanych kryteriów
Rozkład punktacji
Procent ludzi z każdym wynikiem
Percentyl według liczby udzielonych odpowiedzi
Twoja historia wyników
Nie rozwiązałeś tego quizu